000 00559cab a2200181 4500
001 WB2706-22
008 090401t1999 xxu||||| |||| 00| 0 eng d
035 _a(Sirsi) u2189
041 _aeng
245 _aClean-up plan for coasts
260 _c1999
350 _a0
490 _aDaily Telegraph
_v1 February 1999, 5(1)
520 _aA clean-up of Britain`s finest coasts , including the removal of eyesore caravan sites from a third of the coastline has been proposed by the Countryside Commission
690 _aCON
942 _n0
948 _c04/03/1997
999 _c1320
_d1320